000 00500nam a22001817a 4500
005 20251108164656.0
008 250721s1981 xx 000 0 ara d
082 1 4 _a88.9624/فيت
100 1 _aالفيتوري، محمد
245 1 0 _aديوان محمد الفيتوري /
250 _aط4.
264 1 _aبيروت :
_bمنشورات الفيتوري،
_c1981.
300 _a2مج.
650 1 7 _aالشعر العربي
650 1 7 _aالسودان
942 _2ddc
_cBK
999 _c11546
_d11546